000 01045nas a2200325 4500
001 BR2014002570
003 BR-BrBNA
005 20231205123935.0
007 ta
008 230509b bl.|||p| |||| 00| 00por d
040 _aBR-BrBNA
_bpor
_cBiblioteca Nacional de Agricultura
041 _a(En)
072 _aQ54; L02
100 1 _aCardoso Júnior, A.
100 1 _aRodrigues, P.B.
100 1 _aBertechini, A.G.
100 1 _aFreitas, R.T.F. de
100 1 _aLima, R.R. de
100 1 _aLima, G.F.R.
245 1 _aLevels of available phosphorus and calcium for broilers from 8 to 35 days of age fed rations containing phytase
650 _aFRANGO DE CORTE
650 _aENZIMA
650 _aRAÇÃO
650 _aEXIGÊNCIA NUTRICIONAL
650 _aCOMPOSIÇÃO QUÍMICA
773 0 _tRevista Brasileira de Zootecnia (Brazil)
_xISSN 1806-9290
_g(Jun 2010), v. 39(6) p. 1237-1245
_wBR2014002570
856 4 0 _uhttp://www.scielo.br/pdf/rbz/v39n6/11.pdf
909 _a202311
_bLúcia
_c55
_dLúcia Elande
942 _2AGRIS
_n0
_cANA
999 _c236498
_d236498